000 00723nam a2200217 4500
001 148516
003 ES-MaACL
005 20230906202659.0
007 t|
008 070214s1913 xxk r ||||1| eng d
100 1 _aStrindberg, August.
_9108433
245 1 0 _aPlays /
_cby August Strindberg ; translated with an introduction by Edwin Björkman.
260 _aLondon :
_bDuckworth & Co.,
_c1913.
300 _a268 p. ;
_c19 x 12 cm.
500 _aContiene: The dream play ----- The link ------ The dance of death . Part 1 ----- The dance of death . Part 2.
700 1 _aBjorkman, Edwin.
_929050
740 0 _aThe dream play.
740 0 _aThe link.
740 0 _aThe dance of death.
852 _aES-MaACL
_jC-2492
999 _c148516
_d148516